[Event "24. Copenhagen Open  (Politiken Cup)"]
[Site "Copenhagen"]
[Date "2002.07.15"]
[Round "1"]
[White "Hau, Helge"]
[Black "Rorvik, Jon F"]
[Result "0-1"]
[WhiteElo "1503"]
[BlackElo "2168"]
[PlyCount "98"]
[EventDate "2002.07.15"]
[EventType "swiss"]
[EventRounds "11"]
[EventCountry "DEN"]
[SourceDate "2004.01.01"]

1. f4 e5 2. fxe5 d6 3. exd6 Bxd6 4. Nf3 g5 5. g3 g4 6. Nh4 Be7 7. Ng2 h5 8. d4
h4 9. Bf4 h3 10. Ne3 Nf6 11. Qd3 Nc6 12. c3 Nh5 13. Qe4 Nf6 14. Qc2 Be6 15. Nd2
Qd7 16. Nb3 O-O-O 17. O-O-O Rhe8 18. Nc5 Bxc5 19. dxc5 Qe7 20. Rxd8+ Rxd8 21.
b4 Nh5 22. Rg1 Qf6 23. Nd1 Nxf4 24. gxf4 Qxf4+ 25. e3 Qf6 26. Be2 Ne5 27. a4
Qg5 28. Rg3 Bf5 29. Qb3 Bd3 30. Bxd3 Nxd3+ 31. Kb1 Qf5 32. Qc2 Qf1 33. Rxg4 Nf2
34. Qf5+ Kb8 35. Rd4 Rxd4 36. cxd4 Qxd1+ 37. Ka2 Qd2+ 38. Kb3 Qxe3+ 39. Kc4
Qe6+ 40. Qd5 Ng4 41. Qxe6 fxe6 42. d5 exd5+ 43. Kxd5 Nxh2 44. Ke4 Ng4 45. Kf3
h2 46. Kg2 Kc8 47. Kh1 Kd7 48. Kg2 Kc6 49. Kh1 a5 0-1

[Event "24. Copenhagen Open  (Politiken Cup)"]
[Site "Copenhagen"]
[Date "2002.07.15"]
[Round "1"]
[White "Helin, Mikael"]
[Black "Matamoros Franco, Carlos S"]
[Result "1/2-1/2"]
[WhiteElo "2016"]
[BlackElo "2473"]
[PlyCount "87"]
[EventDate "2002.07.15"]
[EventType "swiss"]
[EventRounds "11"]
[EventCountry "DEN"]
[SourceDate "2004.01.01"]

1. e4 e6 2. Nf3 d5 3. e5 c5 4. b4 b6 5. c3 Qd7 6. a3 Ba6 7. d4 Bxf1 8. Kxf1 Ne7
9. g3 Nc8 10. Kg2 a5 11. bxc5 bxc5 12. a4 Na6 13. Na3 Nb6 14. Nb5 Be7 15. h4
Nc4 16. Ng5 Bf8 17. f4 h6 18. Nh3 h5 19. f5 exf5 20. Qf3 cxd4 21. cxd4 Nb4 22.
Bg5 Be7 23. Nf4 Nd2 24. Qe2 Bxg5 25. hxg5 Ne4 26. e6 fxe6 27. Ng6 Rh7 28. Rxh5
Rxh5 29. Qxh5 O-O-O 30. Rc1+ Kb8 31. Ne5 Qe7 32. Rc7 Qxg5 33. Qxg5 Nxg5 34.
Nd7+ Rxd7 35. Rxd7 Ne4 36. Rxg7 Nd3 37. Rg6 f4 38. g4 Ne1+ 39. Kf1 Nc2 40. Rxe6
f3 41. Re8+ Kb7 42. Rf8 Ne3+ 43. Kg1 f2+ 44. Rxf2 1/2-1/2

[Event "24. Copenhagen Open  (Politiken Cup)"]
[Site "Copenhagen"]
[Date "2002.07.15"]
[Round "1"]
[White "Hillarp Persson, Tiger"]
[Black "Hoeg, Claus"]
[Result "1-0"]
[WhiteElo "2461"]
[BlackElo "2010"]
[PlyCount "53"]
[EventDate "2002.07.15"]
[EventType "swiss"]
[EventRounds "11"]
[EventCountry "DEN"]
[SourceDate "2004.01.01"]

1. d4 Nf6 2. c4 g6 3. f3 Bg7 4. e4 d6 5. Nc3 O-O 6. Nge2 Nc6 7. Bg5 a6 8. Qd2
Rb8 9. d5 Ne5 10. Nd4 c5 11. Nc2 Bd7 12. f4 Nxc4 13. Bxc4 b5 14. Be2 b4 15.
Bxf6 exf6 16. Nd1 Re8 17. O-O f5 18. exf5 Bxf5 19. Bxa6 Qb6 20. Bc4 Re4 21.
Nce3 Bd7 22. Kh1 Rbe8 23. Bd3 Rd4 24. Qc2 Rxd3 25. Qxd3 Bb5 26. Nc4 Qa6 27. Rc1
1-0

[Event "24. Copenhagen Open  (Politiken Cup)"]
[Site "Copenhagen"]
[Date "2002.07.15"]
[Round "1"]
[White "Holm, Sejer"]
[Black "Hansen, Morten Lyck"]
[Result "0-1"]
[WhiteElo "2321"]
[BlackElo "1854"]
[PlyCount "74"]
[EventDate "2002.07.15"]
[EventType "swiss"]
[EventRounds "11"]
[EventCountry "DEN"]
[SourceDate "2004.01.01"]

1. d4 Nf6 2. c4 g6 3. Nc3 d5 4. cxd5 Nxd5 5. e4 Nxc3 6. bxc3 Bg7 7. Bb5+ c6 8.
Bc4 O-O 9. Ne2 c5 10. O-O Nc6 11. Be3 cxd4 12. cxd4 Bg4 13. f3 Na5 14. Rc1 Nxc4
15. Rxc4 Bd7 16. Qb3 b6 17. Rfc1 Rc8 18. Rxc8 Bxc8 19. Qa4 a6 20. d5 b5 21. Qa3
Be5 22. f4 Bc7 23. Qc5 Bd6 24. Qc3 Bb7 25. Qd2 Qd7 26. f5 Rc8 27. Rxc8+ Qxc8
28. Bd4 Bc5 29. h4 Bxd4+ 30. Nxd4 Qc4 31. Kh1 b4 32. d6 exd6 33. h5 Bxe4 34. h6
f6 35. fxg6 hxg6 36. Ne2 Qd3 37. Qxd3 Bxd3 0-1

[Event "24. Copenhagen Open  (Politiken Cup)"]
[Site "Copenhagen"]
[Date "2002.07.15"]
[Round "1"]
[White "Jakobsen, Ole"]
[Black "Korolev, Nikolaj"]
[Result "1-0"]
[WhiteElo "2398"]
[BlackElo "1964"]
[PlyCount "49"]
[EventDate "2002.07.15"]
[EventType "swiss"]
[EventRounds "11"]
[EventCountry "DEN"]
[SourceDate "2004.01.01"]

1. d4 Nf6 2. c4 e6 3. Nf3 b6 4. g3 Ba6 5. Qa4 Be7 6. Bg2 O-O 7. O-O d5 8. Ne5
Qe8 9. Qxe8 Rxe8 10. cxd5 Nxd5 11. Nc3 c6 12. Rd1 Bf6 13. Rd2 h5 14. f4 h4 15.
Kf2 Rc8 16. Rd1 Rc7 17. e4 Bxe5 18. dxe5 Nxc3 19. bxc3 Kf8 20. Rd8+ Ke7 21. Rg8
g6 22. f5 Rc8 23. Bg5+ Kd7 24. fxe6+ fxe6 25. Rd1+ 1-0

[Event "24. Copenhagen Open  (Politiken Cup)"]
[Site "Copenhagen"]
[Date "2002.07.15"]
[Round "1"]
[White "Jensen, Alexander Lindberg"]
[Black "Bering, Anders"]
[Result "0-1"]
[WhiteElo "1342"]
[BlackElo "2119"]
[PlyCount "78"]
[EventDate "2002.07.15"]
[EventType "swiss"]
[EventRounds "11"]
[EventCountry "DEN"]
[SourceDate "2004.01.01"]

1. d4 Nf6 2. c4 e6 3. Bg5 Be7 4. Nc3 d5 5. Nf3 O-O 6. e3 h6 7. Bh4 b6 8. Bd3
Bb7 9. O-O Nbd7 10. Qc2 c5 11. cxd5 Nxd5 12. Bxe7 Qxe7 13. Be4 cxd4 14. Nxd4
N7f6 15. Bxd5 Nxd5 16. Nxd5 Bxd5 17. b3 Rac8 18. Qd2 Rfd8 19. Rac1 Rxc1 20.
Rxc1 e5 21. Nf5 Qg5 22. Ng3 Bxb3 23. Qb2 Be6 24. h3 Rd5 25. Rc7 Ra5 26. a3 Qd8
27. Rc2 Qd6 28. Rc3 f5 29. Ne2 Rd5 30. Rc2 Rd1+ 31. Kh2 Rd3 32. Nc3 a6 33. a4
h5 34. h4 Qd8 35. g3 Qd6 36. Kg2 Bd5+ 37. Nxd5 Qxd5+ 38. Kh2 Rd1 39. Rc1 Qh1#
0-1

[Event "24. Copenhagen Open  (Politiken Cup)"]
[Site "Copenhagen"]
[Date "2002.07.15"]
[Round "1"]
[White "Jensen, Allan Astrup"]
[Black "Rosenkilde, Alexander"]
[Result "0-1"]
[WhiteElo "2205"]
[BlackElo "1639"]
[PlyCount "73"]
[EventDate "2002.07.15"]
[EventType "swiss"]
[EventRounds "11"]
[EventCountry "DEN"]
[SourceDate "2004.01.01"]

1. e4 c5 2. Nc3 e6 3. g3 d5 4. Bg2 d4 5. Nce2 Nc6 6. d3 Be7 7. Nf3 e5 8. O-O
Nf6 9. Nh4 Bg4 10. f3 Be6 11. Kh1 O-O 12. c4 Qc8 13. a3 a5 14. Qe1 Nh5 15. g4
Bxh4 16. Qxh4 Nf6 17. g5 Nd7 18. f4 exf4 19. Bxf4 Nde5 20. Qg3 Bg4 21. Ng1 Re8
22. h3 Bh5 23. Rf2 Ra6 24. Rd2 Rb6 25. Qh4 Ng6 26. Qg3 Nge5 27. Bf3 Bxf3+ 28.
Nxf3 Nxf3 29. Qxf3 Rb3 30. Rf1 Qe6 31. Bd6 b6 32. Rdf2 Nd8 33. Bc7 Qd7 34. Bxd8
Rxd8 35. Kg2 Rf8 36. Qe2 Qe7 37. h4 {Time} 0-1

[Event "24. Copenhagen Open  (Politiken Cup)"]
[Site "Copenhagen"]
[Date "2002.07.15"]
[Round "1"]
[White "Jorgensen, Carina E"]
[Black "Ekeberg, Carl Fredrik"]
[Result "1/2-1/2"]
[WhiteElo "1643"]
[BlackElo "2213"]
[PlyCount "81"]
[EventDate "2002.07.15"]
[EventType "swiss"]
[EventRounds "11"]
[EventCountry "DEN"]
[SourceDate "2004.01.01"]

1. e4 c5 2. Nf3 Nc6 3. d4 cxd4 4. Nxd4 Nf6 5. Nc3 e5 6. Ndb5 d6 7. a4 a6 8. Na3
Be6 9. Bc4 Rc8 10. O-O Be7 11. Re1 Nb4 12. Nd5 Nbxd5 13. Bxd5 Nxd5 14. exd5 Bd7
15. b3 f5 16. Bd2 O-O 17. Nc4 f4 18. Ba5 Qe8 19. Nb6 f3 20. Re3 Qg6 21. Rxf3
Bg4 22. Nxc8 Rxc8 23. Rg3 Bxd1 24. Rxg6 hxg6 25. Rxd1 Rxc2 26. g3 Kf7 27. Rd2
Rc1+ 28. Kg2 Kf6 29. g4 Kg5 30. h3 Rb1 31. Rd3 Kh4 32. Rf3 Rd1 33. Rf7 Bf6 34.
Rxb7 Rxd5 35. Be1 Rd1 36. Bb4 Rd4 37. Rb8 e4 38. Ba5 Rd3 39. Bb6 Bd4 40. Bd8+
Bf6 41. Bb6 1/2-1/2

[Event "24. Copenhagen Open  (Politiken Cup)"]
[Site "Copenhagen"]
[Date "2002.07.15"]
[Round "1"]
[White "Jorgensen, Morten"]
[Black "Jorgensen, Dennis"]
[Result "0-1"]
[WhiteElo "1257"]
[BlackElo "2097"]
[PlyCount "94"]
[EventDate "2002.07.15"]
[EventType "swiss"]
[EventRounds "11"]
[EventCountry "DEN"]
[SourceDate "2004.01.01"]

1. e4 d6 2. d4 Nf6 3. Nc3 g6 4. Bc4 Bg7 5. Nge2 O-O 6. h3 c6 7. O-O b5 8. Bd3
e5 9. dxe5 dxe5 10. Ng3 Nbd7 11. Be3 Bb7 12. a3 Re8 13. Qd2 Qe7 14. b4 Nf8 15.
Bc5 Qc7 16. Qe3 a6 17. Bb6 Qb8 18. a4 Ne6 19. axb5 axb5 20. Ra7 Nd7 21. Nxb5
cxb5 22. Bxb5 Nxb6 23. Qxb6 Qxa7 24. Qxa7 Rxa7 25. Bxe8 Kf8 26. Bd7 Ke7 27. Bb5
Nd4 28. Bd3 Ra3 29. f3 Bh6 30. Rd1 Bf4 31. Nf1 Rc3 32. Ra1 Nxc2 33. Bxc2 Rxc2
34. Rb1 h5 35. g3 Rc1 36. Rxc1 Bxc1 37. Kf2 Ba6 38. Ne3 Bxe3+ 39. Kxe3 Kd6 40.
f4 Bf1 41. h4 Bh3 42. b5 Kc5 43. fxe5 Kxb5 44. Kf4 Kc4 45. Kg5 Be6 46. Kf4 Kd4
47. Kg5 Kxe5 0-1

[Event "24. Copenhagen Open  (Politiken Cup)"]
[Site "Copenhagen"]
[Date "2002.07.15"]
[Round "1"]
[White "Jorgensen, Orla"]
[Black "Cazzaniga, Walter"]
[Result "0-1"]
[WhiteElo "1420"]
[BlackElo "2121"]
[PlyCount "104"]
[EventDate "2002.07.15"]
[EventType "swiss"]
[EventRounds "11"]
[EventCountry "DEN"]
[SourceDate "2004.01.01"]

1. f4 Nf6 2. Nf3 d5 3. e3 g6 4. b3 Bg7 5. Bb2 O-O 6. c4 c5 7. cxd5 Qxd5 8. Nc3
Qd8 9. Be2 Nc6 10. O-O Bf5 11. d3 Qd7 12. e4 Be6 13. Nh4 Bg4 14. f5 Bxe2 15.
Qxe2 Rad8 16. Rad1 Qc7 17. Nf3 Qb8 18. Qf2 Ng4 19. Qd2 Bh6 20. Qe1 Nd4 21. Qh4
Be3+ 22. Kh1 Qf4 23. Nd5 Rxd5 24. exd5 Nxf5 25. Qe1 f6 26. Bc1 Rd8 27. g3 Qd6
28. Bd2 Qxd5 29. Rc1 Bxd2 30. Qxd2 Nd4 31. Qf4 f5 32. Rce1 e5 33. Rxe5 Nxe5 34.
Qxe5 Nxf3 35. Qxd5+ Rxd5 36. Rxf3 Re5 37. Kg2 Re2+ 38. Rf2 Rxf2+ 39. Kxf2 Kf7
40. Ke3 Ke6 41. d4 cxd4+ 42. Kxd4 g5 43. h3 h5 44. a3 Kd6 45. b4 b5 46. Kc3 Ke5
47. Kd3 f4 48. gxf4+ gxf4 49. h4 Kf5 50. Ke2 Kg4 51. Kf2 Kxh4 52. Kf3 Kg5 0-1

[Event "24. Copenhagen Open  (Politiken Cup)"]
[Site "Copenhagen"]
[Date "2002.07.15"]
[Round "1"]
[White "Kallio, Heikki"]
[Black "Auchenberg, Per"]
[Result "1-0"]
[WhiteElo "2501"]
[BlackElo "2022"]
[PlyCount "67"]
[EventDate "2002.07.15"]
[EventType "swiss"]
[EventRounds "11"]
[EventCountry "DEN"]
[SourceDate "2004.01.01"]

1. Nc3 c5 2. e4 e6 3. Nf3 a6 4. g3 Nc6 5. Bg2 Nf6 6. O-O d6 7. d4 cxd4 8. Nxd4
Qc7 9. h3 Be7 10. g4 Nxd4 11. Qxd4 e5 12. Qd3 Be6 13. Rd1 h6 14. Be3 Rc8 15. a4
O-O 16. a5 Nd7 17. Bf1 Qc6 18. Qd2 Rfd8 19. Rac1 Nc5 20. Nd5 Bxd5 21. exd5 Qa4
22. f3 Rf8 23. b4 Nd7 24. c4 Nf6 25. b5 axb5 26. Ra1 Qb3 27. Rdb1 bxc4 28. Rxb3
cxb3 29. Rb1 Rc2 30. Qd1 Rfc8 31. Rxb3 Bd8 32. Rxb7 Bxa5 33. Ra7 Bd8 34. Ra8
1-0

[Event "24. Copenhagen Open  (Politiken Cup)"]
[Site "Copenhagen"]
[Date "2002.07.15"]
[Round "1"]
[White "Kiriakov, Petr"]
[Black "Preuss, Flemming"]
[Result "1-0"]
[WhiteElo "2553"]
[BlackElo "2063"]
[PlyCount "65"]
[EventDate "2002.07.15"]
[EventType "swiss"]
[EventRounds "11"]
[EventCountry "DEN"]
[SourceDate "2004.01.01"]

1. d4 f5 2. g3 Nf6 3. Bg2 g6 4. c3 Bg7 5. Qb3 c6 6. Nh3 e6 7. Nd2 d5 8. Nf4 Qe7
9. h4 Nbd7 10. Nf3 e5 11. dxe5 Ng4 12. h5 Ngxe5 13. Be3 Nxf3+ 14. Bxf3 Ne5 15.
O-O-O Nxf3 16. exf3 g5 17. h6 Be5 18. Rde1 O-O 19. Bd4 gxf4 20. Bxe5 Be6 21.
Bxf4 Rae8 22. Rh5 Rf6 23. Qa4 b5 24. Qd4 c5 25. Qe5 Qf7 26. Rg5+ Rg6 27. Rxg6+
hxg6 28. Qd6 c4 29. h7+ Kxh7 30. Rh1+ Kg8 31. Be5 Qe7 32. Rh8+ Kf7 33. Rh7+ 1-0

[Event "24. Copenhagen Open  (Politiken Cup)"]
[Site "Copenhagen"]
[Date "2002.07.15"]
[Round "1"]
[White "Kjartansson, Gudmundur"]
[Black "Edvardsson, Hannu Kalervo"]
[Result "1-0"]
[WhiteElo "2105"]
[BlackElo "1300"]
[PlyCount "71"]
[EventDate "2002.07.15"]
[EventType "swiss"]
[EventRounds "11"]
[EventCountry "DEN"]
[SourceDate "2004.01.01"]

1. d4 d5 2. Bg5 f6 3. Bf4 Nc6 4. Nf3 e6 5. Nc3 a6 6. h3 Bd6 7. Bxd6 Qxd6 8. Qd2
Nge7 9. e4 Bd7 10. Bd3 O-O-O 11. O-O g5 12. e5 fxe5 13. Nxg5 Rdf8 14. Nxh7 Rf7
15. Ng5 Rg7 16. dxe5 Nxe5 17. Be2 Nf7 18. Nxf7 Rxf7 19. Qd4 e5 20. Qa7 c6 21.
Na4 Kc7 22. Nc5 Bc8 23. Bxa6 Kd8 24. Bxb7 Qc7 25. Qa8 Rh6 26. Bxc8 Nxc8 27. b4
Rg7 28. Qa5 Nb6 29. Rae1 Rxg2+ 30. Kxg2 Qg7+ 31. Kh2 Rxh3+ 32. Kxh3 Qh6+ 33.
Kg2 Qg5+ 34. Kf3 Qf4+ 35. Ke2 Qe4+ 36. Nxe4 1-0

[Event "24. Copenhagen Open  (Politiken Cup)"]
[Site "Copenhagen"]
[Date "2002.07.15"]
[Round "1"]
[White "Korsgaard, Peter"]
[Black "Bromann, Thorbjorn"]
[Result "0-1"]
[WhiteElo "1956"]
[BlackElo "2378"]
[PlyCount "42"]
[EventDate "2002.07.15"]
[EventType "swiss"]
[EventRounds "11"]
[EventCountry "DEN"]
[SourceDate "2004.01.01"]

1. Nf3 d5 2. b3 Nc6 3. Bb2 Bg4 4. d4 e6 5. Nbd2 f5 6. g3 Nf6 7. Bg2 Be7 8. O-O
O-O 9. c4 Ne4 10. a3 a5 11. Rc1 Qe8 12. cxd5 exd5 13. Ne5 Nxe5 14. dxe5 c6 15.
Nxe4 fxe4 16. f3 exf3 17. exf3 Be6 18. f4 Qg6 19. Bf3 Rxf4 20. Kh1 Rf5 21. Qe2
Raf8 0-1

[Event "24. Copenhagen Open  (Politiken Cup)"]
[Site "Copenhagen"]
[Date "2002.07.15"]
[Round "1"]
[White "Kristensen, Jonas Rune"]
[Black "Cech, Pavel"]
[Result "0-1"]
[WhiteElo "1847"]
[BlackElo "2316"]
[PlyCount "72"]
[EventDate "2002.07.15"]
[EventType "swiss"]
[EventRounds "11"]
[EventCountry "DEN"]
[SourceDate "2004.01.01"]

1. d4 d5 2. c4 e6 3. Nc3 c5 4. cxd5 cxd4 5. Qxd4 Nc6 6. Qd1 exd5 7. Nxd5 Nf6 8.
Nxf6+ Qxf6 9. e4 Bb4+ 10. Bd2 Bg4 11. Qc1 O-O 12. Be2 Rfd8 13. Bc3 Qg6 14. f3
Be6 15. Nh3 Bxc3+ 16. Qxc3 Bxh3 17. gxh3 Nd4 18. Rd1 Qg2 19. Rxd4 Qxh1+ 20. Kd2
Qxh2 21. Rd5 Qf4+ 22. Qe3 Rxd5+ 23. exd5 Qxe3+ 24. Kxe3 Re8+ 25. Kd3 Kf8 26. f4
Ke7 27. Kd4 Kd6 28. Bd3 g6 29. f5 Re5 30. fxg6 Rxd5+ 31. Ke4 hxg6 32. Bc4 Re5+
33. Kd4 f5 34. Bd3 g5 35. a3 Ke6 36. b4 Re1 0-1

[Event "24. Copenhagen Open  (Politiken Cup)"]
[Site "Copenhagen"]
[Date "2002.07.15"]
[Round "1"]
[White "Lauritsen, Martin Lee"]
[Black "Glud, Jakob Vang"]
[Result "0-1"]
[WhiteElo "1517"]
[BlackElo "2180"]
[PlyCount "88"]
[EventDate "2002.07.15"]
[EventType "swiss"]
[EventRounds "11"]
[EventCountry "DEN"]
[SourceDate "2004.01.01"]

1. e4 e5 2. Nf3 Nc6 3. Bb5 a6 4. Ba4 Nf6 5. O-O b5 6. Bb3 Bc5 7. d3 h6 8. Nc3
d6 9. h3 Na5 10. Be3 Bxe3 11. fxe3 c5 12. Bd5 Ra7 13. d4 Qe7 14. dxc5 dxc5 15.
Qe1 b4 16. Ne2 O-O 17. a3 Nxd5 18. exd5 Nc4 19. Qc1 e4 20. Ne1 Qe5 21. axb4
cxb4 22. c3 bxc3 23. Nxc3 Rc7 24. Nc2 Nxb2 25. Qxb2 Qxc3 26. Qxc3 Rxc3 27. Rf2
Rd8 28. Rd1 Bb7 29. Rd4 Rxd5 30. Rxd5 Bxd5 31. Re2 Bc4 32. Rd2 Rd3 33. Rf2 a5
34. Kh2 a4 35. Kg3 a3 36. Nxa3 Rxa3 37. Kf4 Ra2 38. Rxa2 Bxa2 39. Kxe4 f6 40.
Kf5 Kf7 41. e4 g5 42. Kg4 Kg6 43. h4 gxh4 44. Kxh4 Bb1 0-1

[Event "24. Copenhagen Open  (Politiken Cup)"]
[Site "Copenhagen"]
[Date "2002.07.15"]
[Round "1"]
[White "Laursen, Niels Norskov"]
[Black "Binau, Daniel"]
[Result "1/2-1/2"]
[WhiteElo "2135"]
[BlackElo "1439"]
[PlyCount "61"]
[EventDate "2002.07.15"]
[EventType "swiss"]
[EventRounds "11"]
[EventCountry "DEN"]
[SourceDate "2004.01.01"]

1. e4 c5 2. Nf3 d6 3. d4 cxd4 4. Nxd4 Nf6 5. Nc3 g6 6. Be3 Bg7 7. f3 Nc6 8. Qd2
O-O 9. O-O-O Nxd4 10. Bxd4 Be6 11. Kb1 Qa5 12. Nd5 Qd8 13. Nxf6+ Bxf6 14. Bxf6
exf6 15. g4 Rc8 16. h4 Rc5 17. h5 Qa5 18. Qxa5 Rxa5 19. a3 d5 20. Bd3 dxe4 21.
Bxe4 b6 22. Rh2 f5 23. gxf5 Bxf5 24. Bd5 Kg7 25. hxg6 fxg6 26. Re2 Rd8 27. Re7+
Kf6 28. Rf7+ Ke5 29. Re7+ Kf6 30. Rf7+ Ke5 31. Re7+ 1/2-1/2

[Event "24. Copenhagen Open  (Politiken Cup)"]
[Site "Copenhagen"]
[Date "2002.07.15"]
[Round "1"]
[White "Leimand, Hans Erik"]
[Black "Christensen, Stefan"]
[Result "0-1"]
[WhiteElo "1587"]
[BlackElo "2194"]
[PlyCount "70"]
[EventDate "2002.07.15"]
[EventType "swiss"]
[EventRounds "11"]
[EventCountry "DEN"]
[SourceDate "2004.01.01"]

1. d4 Nf6 2. c4 e6 3. Nc3 Bb4 4. Bd2 b6 5. e3 Bb7 6. Nf3 Bxc3 7. Bxc3 Ne4 8.
Rc1 O-O 9. Nd2 f5 10. Nxe4 fxe4 11. Rc2 Qg5 12. g3 Nc6 13. Bg2 d5 14. cxd5 exd5
15. O-O Ba6 16. f4 Qg6 17. Re1 Rf7 18. Bf1 Bxf1 19. Rxf1 Ne7 20. Rg2 Nf5 21.
Qe2 c5 22. dxc5 bxc5 23. Be5 Qb6 24. Rd1 Rd8 25. b3 Rfd7 26. Kh1 Qb7 27. Re1
Qb4 28. Qd2 Qb5 29. Qc2 Rc8 30. Qb2 d4 31. exd4 cxd4 32. Rxe4 Ne3 33. Rxd4 Qf1+
34. Rg1 Qf3+ 35. Rg2 Rc1+ 0-1

[Event "24. Copenhagen Open  (Politiken Cup)"]
[Site "Copenhagen"]
[Date "2002.07.15"]
[Round "1"]
[White "Leimand, Peter Martin"]
[Black "Hoi, Carsten"]
[Result "0-1"]
[WhiteElo "2003"]
[BlackElo "2419"]
[PlyCount "80"]
[EventDate "2002.07.15"]
[EventType "swiss"]
[EventRounds "11"]
[EventCountry "DEN"]
[SourceDate "2004.01.01"]

1. e4 g6 2. d4 Bg7 3. Nf3 d6 4. Nc3 Nf6 5. Bg5 h6 6. Be3 Ng4 7. Bc1 e5 8. d5 c6
9. Bc4 O-O 10. h3 Nf6 11. a4 cxd5 12. Bxd5 Nxd5 13. Qxd5 Nc6 14. Nb5 Be6 15.
Qxd6 Qxd6 16. Nxd6 Nb4 17. O-O Nxc2 18. Bd2 Nxa1 19. Rxa1 Rab8 20. Bb4 Rfd8 21.
Nb5 a6 22. Nc7 Bc4 23. Nd2 Bd3 24. f3 Bf8 25. Bc3 Bc5+ 26. Kh2 Bd4 27. Nd5 Bxc3
28. bxc3 Kg7 29. c4 b5 30. axb5 axb5 31. c5 Rbc8 32. Ra3 Bc4 33. Nxc4 bxc4 34.
Ra5 Ra8 35. Rxa8 Rxa8 36. c6 Ra5 37. Kg3 Rc5 38. Nb4 c3 39. Nc2 Rxc6 40. f4 Rb6
0-1

[Event "24. Copenhagen Open  (Politiken Cup)"]
[Site "Copenhagen"]
[Date "2002.07.15"]
[Round "1"]
[White "Lynge, Torben"]
[Black "Akesson, Joel"]
[Result "0-1"]
[WhiteElo "1669"]
[BlackElo "2234"]
[PlyCount "68"]
[EventDate "2002.07.15"]
[EventType "swiss"]
[EventRounds "11"]
[EventCountry "DEN"]
[SourceDate "2004.01.01"]

1. e4 c5 2. Nf3 Nc6 3. Nc3 g6 4. Bc4 Bg7 5. d3 e6 6. Bg5 Nge7 7. Qd2 h6 8. Bf4
d6 9. Nb5 e5 10. Be3 a6 11. Nc3 Nd4 12. Ne2 d5 13. exd5 Nxd5 14. Bxd4 exd4 15.
O-O O-O 16. Nf4 Nb6 17. Bb3 Qd6 18. Rae1 Bg4 19. Re4 Rae8 20. Rfe1 Rxe4 21.
Rxe4 Bf5 22. Re1 Bf6 23. h3 Kg7 24. g4 Bd7 25. Ng2 Bc6 26. Ngh4 Nd5 27. g5 hxg5
28. Nxg5 Qf4 29. Qxf4 Nxf4 30. Nhf3 Nxh3+ 31. Nxh3 Bxf3 32. Kh2 Rh8 33. Kg3 Bc6
34. f3 Bh4+ 0-1

[Event "24. Copenhagen Open  (Politiken Cup)"]
[Site "Copenhagen"]
[Date "2002.07.15"]
[Round "1"]
[White "Madsen, Simon Rise"]
[Black "Rodriguez Vinuesa, Azahara"]
[Result "0-1"]
[WhiteElo "1202"]
[BlackElo "2095"]
[PlyCount "68"]
[EventDate "2002.07.15"]
[EventType "swiss"]
[EventRounds "11"]
[EventCountry "DEN"]
[SourceDate "2004.01.01"]

1. e4 c5 2. Nf3 Nc6 3. Nc3 e6 4. Bc4 a6 5. d3 d6 6. O-O Nf6 7. Re1 Be7 8. a3
O-O 9. e5 dxe5 10. Nxe5 Nxe5 11. Rxe5 b5 12. Bb3 Bb7 13. Bg5 Qd4 14. Qe2 Nd7
15. Bxe7 Nxe5 16. Bxf8 Rxf8 17. h3 Ng6 18. Re1 Nf4 19. Qg4 Nxg2 20. Re2 Qxg4
21. hxg4 Nh4 22. Ne4 Nf3+ 23. Kf1 Nh2+ 24. Ke1 Nxg4 25. Nxc5 Bf3 26. Rd2 h5 27.
Ne4 h4 28. d4 Bxe4 29. f3 Bxf3 30. Rd3 Bg2 31. c4 h3 32. Rxh3 Bxh3 33. c5 Bg2
34. Ke2 Nf6 0-1

[Event "24. Copenhagen Open  (Politiken Cup)"]
[Site "Copenhagen"]
[Date "2002.07.15"]
[Round "1"]
[White "Mikkelsen, Nikolaj"]
[Black "Nielsen, Jorgen Kamp"]
[Result "1-0"]
[WhiteElo "2120"]
[BlackElo "1400"]
[PlyCount "47"]
[EventDate "2002.07.15"]
[EventType "swiss"]
[EventRounds "11"]
[EventCountry "DEN"]
[SourceDate "2004.01.01"]

1. d4 Nf6 2. Nc3 g6 3. e4 d6 4. f3 Bg7 5. Be3 O-O 6. Qd2 Re8 7. O-O-O c6 8. g4
b5 9. h4 Qa5 10. Bh6 Bh8 11. Qg5 e5 12. Nge2 b4 13. Nb1 Qxa2 14. dxe5 dxe5 15.
h5 Na6 16. Qe3 Bxg4 17. hxg6 fxg6 18. fxg4 Nxg4 19. Qg5 Nf2 20. Rd6 Qf7 21. Ng3
Nxe4 22. Nxe4 Qf4+ 23. Qxf4 exf4 24. Bc4+ 1-0

[Event "24. Copenhagen Open  (Politiken Cup)"]
[Site "Copenhagen"]
[Date "2002.07.15"]
[Round "1"]
[White "Moller, Arne"]
[Black "Moen, Andreas"]
[Result "1-0"]
[WhiteElo "1808"]
[BlackElo "2278"]
[PlyCount "79"]
[EventDate "2002.07.15"]
[EventType "swiss"]
[EventRounds "11"]
[EventCountry "DEN"]
[SourceDate "2004.01.01"]

1. e4 e5 2. Nf3 Nf6 3. Nc3 Nc6 4. Bb5 Bc5 5. O-O Qe7 6. Nd5 Qd6 7. Nxf6+ Qxf6
8. c3 Bb6 9. d4 exd4 10. e5 Qe7 11. Bg5 Qc5 12. Bxc6 bxc6 13. cxd4 Qd5 14. Qd3
c5 15. Qa3 Bb7 16. Rac1 h6 17. Rfd1 hxg5 18. dxc5 Qe4 19. cxb6 axb6 20. Qb3 Bc6
21. Rd4 Qg6 22. h3 O-O 23. Rg4 Bxf3 24. gxf3 c6 25. f4 Qe6 26. Qg3 Rxa2 27.
Rxg5 Qh6 28. Kh2 Rxb2 29. Rg1 g6 30. Rg2 Rb4 31. Qd3 Kg7 32. f5 -- 33. fxg6 f6
34. Qxd7+ Kg8 35. Qe6+ Kg7 36. Qe7+ Kg8 37. Qe6+ Kg7 38. exf6+ Rxf6 39. Qe7+
Kg8 40. g7 1-0

[Event "24. Copenhagen Open  (Politiken Cup)"]
[Site "Copenhagen"]
[Date "2002.07.15"]
[Round "1"]
[White "Molvig, Henrik"]
[Black "Gottschalck, Christian"]
[Result "1-0"]
[WhiteElo "2237"]
[BlackElo "1676"]
[PlyCount "71"]
[EventDate "2002.07.15"]
[EventType "swiss"]
[EventRounds "11"]
[EventCountry "DEN"]
[SourceDate "2004.01.01"]

1. d4 Nf6 2. c4 e6 3. Nf3 b6 4. g3 Bb7 5. Bg2 Be7 6. O-O O-O 7. d5 exd5 8. Nh4
Re8 9. cxd5 d6 10. Nf5 Bf8 11. Nc3 Nbd7 12. Re1 Ne5 13. Nd4 Qd7 14. f4 Ng6 15.
e4 a6 16. h3 h6 17. Be3 Kh8 18. Rc1 Rac8 19. Bf2 Nh7 20. Kh2 Nf6 21. Qd2 Nh7
22. Rcd1 Be7 23. Bf3 Nf6 24. a3 Bf8 25. Qd3 Kg8 26. Nf5 Qd8 27. Nd4 Qd7 28. Bg2
Kh8 29. Nf3 Ne7 30. Bd4 Neg8 31. Nh4 Nh7 32. Nf5 f6 33. Nh4 Qf7 34. e5 g5 35.
e6 Qg7 36. Ng6+ 1-0